00284nam a2200109 a 450000500170000000800410001705000180005810000200007624500210009626000440011744000130016120140414131915.0100902s19uu xx 00 eng d aFICbP42 2006 aPerry, Chrissie aThe secret club. aNew York :bFeiwel and friends,c2006. aGo girl!